000 01036nam0a22002771 4500
001 RU\INFOCOMM_327\NLR\5000014019
005 20250614080040.0
035 _a(NLR Aleph) 010591518
090 _a10504346
_c10504346
100 _a20121213d1930 |||y0rusy50 ca
101 1 _apol
_crus
102 _aRU
_aUA
_aBY
105 _ay z||||
200 1 _aˆ...‰ Jakie korzyści osiąga włościanka ze wstąpienia do kołchozu
_fN. Krawczenko
_gPrzekład z ros. Romana Rapla, uzupełniony rozdziałem "Pracujące kobiety-polki a kolektywizacja"
210 _aMoskwa
_aCharków
_aMińsk
_cCWL ZSRR
_d1930
215 _a64 с.
_d19 см
225 1 _aBibljoteka robotnicy i włościanki
300 _aНа 4-й с. обл.: Э. Кравченко. Выгодно ли крестьянке итти в колхоз
620 _aМосква
700 1 _9z01790
_aKravčenko
_bN.
790 1 _9z01700
_aKrawczenko
_bN.
_4070
801 1 _aRU
_bNLR
_c20121213
801 0 _aRU
_bINFOCOMM
_gPSBO
852 _aNLR
_jЕ-8/1057
942 _cBOOK
980 _aNB